000 01130nam a2200241 a 4500
001 74188
003 BD-RjUL
005 20211209082517.0
008 180318t20162012bg af||| |||| 001 0 ben d
020 _a9789849303169
_c: tk.225.00
035 _a(BD-RjUL)74406
040 _aBD-RjUL
_bben
_cBD-RjUL
_dBD-RjUL
041 _aben
082 _223
_a320.954035
_bHOU 2018
100 _aহোসেন, আখতার
_9228270
245 1 _a১৯৪৭ সালে উপমহাদেশের বিভক্তি ও পাকিস্তান রাষ্ট্রীয় কাঠামোর বৈষম্য /
_cমোহাম্মদ আখতার হোসেন
260 _aঢাকা :
_bপ্রত্যাশা,
_c২০১৮
300 _a১৪৩ পৃ. :
_bচিত্র ;
_c২৩ সেমি.
500 _aগ্রন্থপরিচয়গত রেফারেন্স এবং সূচক অন্তর্ভুক্ত ।
650 _aরাজনীতি
_zউপমহাদেশ
_y১৯৪৭
_9228271
650 _aPolitics
_zIndia
_y1947
_9228272
942 _2ddc
_cBK
999 _c74188
_d74188